Rumi; Works of the great philosopher, Poet and Mystic (Record no. 326389)

000 -LEADER
fixed length control field 00468 a2200157 4500
001 - CONTROL NUMBER
control field 91316
003 - CONTROL NUMBER IDENTIFIER
control field NUST
082 ## - DEWEY DECIMAL CLASSIFICATION NUMBER
Classification number 891.551 WHI
100 ## - MAIN ENTRY--PERSONAL NAME
Personal name Jalal Ad-Din Rumi ; Whinfield, E.H.
9 (RLIN) 9923
245 ## - TITLE STATEMENT
Title Rumi; Works of the great philosopher, Poet and Mystic
Number of part/section of a work English
250 ## - EDITION STATEMENT
Edition statement 1st
260 ## - PUBLICATION, DISTRIBUTION, ETC.
Place of publication, distribution, etc. Australia
Name of publisher, distributor, etc. Axiom Publishing
Date of publication, distribution, etc. 2012
300 ## - PHYSICAL DESCRIPTION
Extent 126 p.
Other physical details PB
500 ## - GENERAL NOTE
General note General Book
810 ## - SERIES ADDED ENTRY--CORPORATE NAME
Corporate name or jurisdiction name as entry element Selections from the Masnavi by Jalala ud din Rumi
9 (RLIN) 9924
942 ## - ADDED ENTRY ELEMENTS (KOHA)
Institution code [OBSOLETE] CAE NUST
Koha item type Book
Call number prefix 891.551 WHI
Source of classification or shelving scheme
Holdings
Withdrawn status Lost status Damaged status Not for loan Collection code Permanent Location Current Location Date acquired Total Checkouts Full call number Barcode Date last seen Price effective from Koha item type
          College of Aeronautical Engineering (CAE) College of Aeronautical Engineering (CAE) 04/03/2017   891.551 WHI CAE88059 04/05/2017 04/05/2017 Book
© 2023 Central Library, National University of Sciences and Technology. All Rights Reserved.